000
00315nam a22001217a 4500
999
_c
13580
_d
13580
082
_a
297.4
100
_a
حمید عسکری
245
_a
نامور مسلم سائنسدان
260
_a
لاہور
_b
مجلس ترقی ادب
_c
١٩٩٦
300
_a
٤٣٠ صفحات
650
_a
Muslim Scientist
942
_c
BK